Vplyv inovačného procesu na konkurencieschopnosť podniku diplomová práca

Salvato in:
Dettagli Bibliografici
Autore principale: Gibová, Katarína
Ente Autore: Fakulta podnikového manažmentu EU. Katedra podnikovohospodárska
Altri autori: Grisáková, Nora, 1978-
Natura: Libro
Lingua:slovacco
Pubblicazione: Bratislava 2022
Tags: Aggiungi Tag
Nessun Tag, puoi essere il primo ad aggiungerne!!

MARC

LEADER 00000nbm a2200000 4500
001 0287455
005 20230216095707.9
041 0 |a slo 
044 |a SK 
245 1 0 |a Vplyv inovačného procesu na konkurencieschopnosť podniku  |b diplomová práca  |c Katarína Gibová ; školiteľ: Nora Grisáková 
264 1 |a Bratislava  |c 2022 
300 |a 74 s. 
100 1 |a Gibová, Katarína 
700 1 |a Grisáková, Nora, 1978- 
710 2 |a Fakulta podnikového manažmentu EU. Katedra podnikovohospodárska